भारतेन्दु हरिशचन्द्र ग्रंथावली (Record no. 1680128)
[ view plain ]
| 000 -LEADER | |
|---|---|
| fixed length control field | 01487nam a22002417a 4500 |
| 005 - DATE AND TIME OF LATEST TRANSACTION | |
| control field | 20260224133102.0 |
| 008 - FIXED-LENGTH DATA ELEMENTS--GENERAL INFORMATION | |
| fixed length control field | 260224b |||||||| |||| 00| 0 eng d |
| 020 ## - INTERNATIONAL STANDARD BOOK NUMBER | |
| International Standard Book Number | 8177143123 (Set) (hbk) |
| 037 ## - SOURCE OF ACQUISITION | |
| Terms of availability | REF |
| 040 ## - CATALOGING SOURCE | |
| Original cataloging agency | CRL |
| Transcribing agency | CRL |
| 041 ## - LANGUAGE CODE | |
| Source of code | hin |
| Language code of text/sound track or separate title | hin |
| 084 ## - COLON CLASSIFICATION NUMBER | |
| Classification number | O152,2M50x Q0;R2.1-.6 (RR) |
| 245 ## - TITLE STATEMENT | |
| Title | भारतेन्दु हरिशचन्द्र ग्रंथावली |
| 250 ## - EDITION STATEMENT | |
| Edition statement | संस्करण 2 |
| 260 ## - PUBLICATION, DISTRIBUTION, ETC. | |
| Place of publication, distribution, etc. | नयी दिल्ली, भारत: |
| Name of publisher, distributor, etc. | प्रकाशन संस्थान, |
| Date of publication, distribution, etc. | 2022. |
| 300 ## - PHYSICAL DESCRIPTION | |
| Extent | खण्ड 1 (1-363पृ.), खण्ड 2 (1-451पृ.), खण्ड 3 (1-392पृ.), खण्ड 4 (1-451पृ.), खण्ड 5 (1-607पृ.), खण्ड 6 (1-484पृ.) |
| 365 ## - TRADE PRICE | |
| Price amount | 6500.00 |
| Currency code | INR. |
| 650 ## - SUBJECT ADDED ENTRY--TOPICAL TERM | |
| Topical term or geographic name entry element | हिन्दी साहित्य |
| 650 ## - SUBJECT ADDED ENTRY--TOPICAL TERM | |
| Topical term or geographic name entry element | हिन्दी नाटक |
| 700 ## - ADDED ENTRY--PERSONAL NAME | |
| Personal name | सिंह, ओमप्रकाश |
| Relator term | सम्पादक |
| 942 ## - ADDED ENTRY ELEMENTS (KOHA) | |
| Source of classification or shelving scheme | Colon Classification (CC) |
| Koha item type | Textbook |
| Edition | संस्करण 2 |
| Classification part | O152,2M50x Q0;R2.1-.6 (RR) |
| Suppress in OPAC | No |
| Withdrawn status | Lost status | Source of classification or shelving scheme | Damaged status | Not for loan | Home library | Current library | Date acquired | Source of acquisition | Cost, normal purchase price | Serial Enumeration / chronology | Inventory number | Total Checkouts | Full call number | Barcode | Date due | Date last seen | Date last checked out | Cost, replacement price | Price effective from | Koha item type |
|---|---|---|---|---|---|---|---|---|---|---|---|---|---|---|---|---|---|---|---|---|
| Colon Classification (CC) | Central Library | Arts Library | 2026-02-24 | आई. ओ. ई. प्रोजेक्ट बुक्स | 1083.00 | खण्ड 1 नाटक निबंध और मौलिक नाटक | आई. ओ. ई. प्रोजेक्ट बुक्स | 1 | O152,2M50x Q0;R2.1 | CL1926628 | 2026-03-02 | 2026-03-02 | 2026-03-02 | 6500.00 | 2026-02-24 | Textbook | ||||
| Colon Classification (CC) | Central Library | Arts Library | 2026-02-24 | आई. ओ. ई. प्रोजेक्ट बुक्स | 1083.00 | खण्ड 2 - नाटक (अनूदित), संवाद, श्री रामलीला और चरितावली | आई. ओ. ई. प्रोजेक्ट बुक्स | 1 | O152,2M50x Q0;R2.2 | CL1926629 | 2026-03-02 | 2026-03-02 | 2026-03-02 | 6500.00 | 2026-02-24 | Textbook | ||||
| Colon Classification (CC) | Central Library | Arts Library | 2026-02-24 | आई. ओ. ई. प्रोजेक्ट बुक्स | 1083.00 | खण्ड 3 - प्रेमअर्पण की कविताएं | आई. ओ. ई. प्रोजेक्ट बुक्स | 1 | O152,2M50x Q0;R2.3 | CL1926630 | 2026-03-02 | 2026-03-02 | 2026-03-02 | 6500.00 | 2026-02-24 | Textbook | ||||
| Colon Classification (CC) | Central Library | Arts Library | 2026-02-24 | आई. ओ. ई. प्रोजेक्ट बुक्स | 1083.00 | खण्ड 3 - प्रेमअर्पण की कविताएं | आई. ओ. ई. प्रोजेक्ट बुक्स | 1 | O152,2M50x Q0;R2.4 | CL1926631 | 2026-03-02 | 2026-03-02 | 2026-03-02 | 6500.00 | 2026-02-24 | Textbook | ||||
| Colon Classification (CC) | Central Library | Arts Library | 2026-02-24 | आई. ओ. ई. प्रोजेक्ट बुक्स | 1083.00 | खण्ड 5 - धार्मिक, पुरातात्विक एवं ऐतिहासिक महत्व की रचनाएं | आई. ओ. ई. प्रोजेक्ट बुक्स | 1 | O152,2M50x Q0;R2.5 | CL1926632 | 2026-03-02 | 2026-03-02 | 2026-03-02 | 6500.00 | 2026-02-24 | Textbook | ||||
| Colon Classification (CC) | Central Library | Arts Library | 2026-02-24 | आई. ओ. ई. प्रोजेक्ट बुक्स | 1083.00 | खण्ड 6 - सृजन के विविध आयाम | आई. ओ. ई. प्रोजेक्ट बुक्स | 1 | O152,2M50x Q0;R2.6 | CL1926633 | 2026-03-02 | 2026-03-02 | 2026-03-02 | 6500.00 | 2026-02-24 | Textbook |
